| 000 | 00654nam a2200253Ia 4500 | ||
|---|---|---|---|
| 005 | 20250425162608.0 | ||
| 008 | 250425s9999 xx 000 0 und d | ||
| 020 | _a9780470501979 | ||
| 041 | _aeng | ||
| 082 | _a621.4022 | ||
| 100 | _aBERGMAN, THEODORE L. | ||
| 245 | 0 | _aFUNDAMENTALS OF HEAT AND MASS TRANSFER | |
| 250 | _a7TH ED. | ||
| 260 |
_aEstados Unidos _bJOHN WILEY AND SONS _c2011 |
||
| 260 | _aHOBOKEN | ||
| 300 | _a1048 | ||
| 650 | _aTRANSFERENCIA DE MASA | ||
| 650 | _aTRANSMISION DE CALOR | ||
| 700 | _aDEWITT, DAVID P. | ||
| 700 | _aINCROPERA, FRANK P. | ||
| 700 | _aLAVINE, ADRIENNE S. | ||
| 942 | _c01 | ||
| 010 | _a88435 | ||
| 999 |
_c232490 _d232490 |
||